| 000 | 01163nam a22003377a 4500 | ||
|---|---|---|---|
| 003 | CHAP | ||
| 005 | 20220329140715.0 | ||
| 008 | 971013c19771971 r 00010 d | ||
| 010 | _a56328 | ||
| 011 | _a57300 | ||
| 035 | _a61454 | ||
| 040 | _cCHAP | ||
| 082 |
_a572.9 _bZ4Y |
||
| 100 | 0 | 0 |
_aZelinsky, Wilbur. _9123872 |
| 245 | _aIntroducción a la geografía de la población | ||
| 260 |
_aBarcelona : _bVicens Vines, _c1977(c.1971) |
||
| 300 |
_a188 p. _b; mapas |
||
| 490 | _aBiblioteca básica de geografía económica | ||
| 590 |
_aBATCH-UPD _b10 _c20130110 _lUCH01 _h0606 |
||
| 590 |
_aBATCH-UPD _b10 _c20130110 _lUCH01 _h2335 |
||
| 590 |
_aBATCH-UPD _b10 _c20130410 _lUCH01 _h0248 |
||
| 590 |
_aBATCH-UPD _b10 _c20130914 _lUCH01 _h0616 |
||
| 590 |
_aCONVERSION _b10 _c20130109 _lUCH01 _h1330 |
||
| 650 | 1 | 4 |
_aAntropogeografia. _96125 |
| 650 | 1 | 4 |
_aGeografía económica. _947575 |
| 830 | 0 |
_aBiblioteca básica de geografía económica _912246 |
|
| 901 | _aBK | ||
| 942 | _cLIBRO | ||
| 949 |
_a572.9 Z4Y _bBC _cLIBRO _d33724000241972 _eLIBRO _fc.2 _gI.126147 _h65531 _i61454 _si _t1.90 |
||
| 949 |
_a572.9 Z4Y _bBC _cLIBRO _d33724000318168 _eLIBRO _h61138 _i61454 _si _t1.90 |
||
| 999 |
_c56328 _d56328 |
||